Statistics for Plateaus of the World on the Map

Click here to take the quiz!

General Stats

  • This quiz has been taken 131 times
  • The average score is 8 of 14

Answers on the Map

Answers color-coded by a green-red scale on the quiz's map according to % correct below.
Loading ...
 

Answer Stats

Plateau% Correct
{Tibetan} Plateau
87%
{Iranian} Plateau
76%
{Ethiopian} Highlands
71%
{Mexican} Plateau
67%
{Mongolian} Plateau
66%
{Anatolian} Plateau
65%
{Altiplano}
58%
{Deccan} Plateau
55%
{Colorado} Plateau
51%
{Antarctic} Plateau
42%
{Armenian} Highlands
42%
{Western} Plateau
40%
{Highveld}
20%
{Deosai} Plateau
13%

Score Distribution

Percentile by Number Answered

Percent of People with Each Score

Your Score History

You have not taken this quiz